000 00897nam a22002537a 4500
999 _c7650
_d7650
003 OSt
005 20220124113220.0
008 220124b ||||| |||| 00| 0 eng d
020 _a1882577108
040 _cNLM
082 _aW85 G591 1994
100 _aGoodman, John C.: Gerald L. Musgrave
_915644
245 _aPatient power :
_b The Free-Enterprise Alternative to Clinton's Health Plan
260 _aWashington, D.C. :
_bCato Institute;
_c©1994
300 _axiii, 134 pages :
_b illustrations ;
_c18 cm
504 _aIncludes bibliographical references
650 _aMedical policy -- United States.
_915640
650 _aInsurance, Health.
_915645
650 _aPublic Policy.
_95858
650 _aMedical care, Cost of -- United States.
_915646
650 _aDelivery of Health Care.
_92189
650 _aMedical care -- United States -- Cost control.
_915647
942 _2z
_cB_BANK